Fueros del reyno de Navarra (Record no. 54653)

MARC details
000 -LEADER
campo de control de longitud fija 00762nam a22001935i 4500
001 - NÚMERO DE CONTROL
campo de control 54653
003 - IDENTIFICADOR DE NÚMERO DE CONTROL
campo de control ES-MaACL
005 - FECHA Y HORA DE LA ÚLTIMA TRANSACCIÓN
campo de control 20230906163008.0
007 - CAMPO FIJO DE DESCRIPCIÓN FÍSICA--INFORMACIÓN GENERAL
campo de control de longitud fija t|
008 - DATOS DE LONGITUD FIJA--INFORMACIÓN GENERAL
campo de control de longitud fija 960729s1815 sp a ||||1| spa d
040 ## - FUENTE DE CATALOGACIÓN
Centro catalogador/agencia de origen CAM
Lengua de catalogación spa
Centro/agencia transcriptor CAM
245 00 - MENCIÓN DEL TÍTULO
Título Fueros del reyno de Navarra
Resto del título : desde su creación hasta su feliz union con el de Castilla.
260 ## - PUBLICACIÓN, DISTRIBUCIÓN, ETC.
Lugar de publicación, distribución, etc. Pamplona :
Nombre del editor, distribuidor, etc. [s.n.],
Fecha de publicación, distribución, etc. 1815 (
Fabricante por Longas)
300 ## - DESCRIPCIÓN FÍSICA
Extensión 299 p., [1] h. de grab. ;
Dimensiones 31 p.
505 8# - NOTA DE CONTENIDO CON FORMATO
Nota de contenido con formato Contiene con port. propia: Diccionario para facilitar la inteligencia de estos fueros / dispuesto por Felipe Baraibar de Haro; 36 p.
650 #4 - PUNTO DE ACCESO ADICIONAL DE MATERIA--TÉRMINO DE MATERIA
Término de materia o nombre geográfico como elemento de entrada Fueros-
Subdivisión geográfica Navarra (Comunidad Autónoma)-
Subdivisión de forma Historia.
9 (RLIN) 150811
700 1# - ENTRADA AGREGADA--NOMBRE PERSONAL
Nombre de persona Baraibar de Haro, Felipe.
9 (RLIN) 25289
852 ## - LOCALIZACIÓN
Ubicación ES-MaACL
Número de control de estantería R-2643
Encuadernación Olim:G-1805
Holdings
Estatus retirado Estado de pérdida Estado de daño No para préstamo Colección Biblioteca de origen Biblioteca actual Ubicación en estantería Fecha de adquisición Fuente de adquisición Total de préstamos Signatura topográfica completa Código de barras Visto por última vez Precio de reemplazo Tipo de ítem Koha
        Libros del s. XIX Biblioteca del Ateneo de Madrid Biblioteca del Ateneo de Madrid Depósito 17/01/2008     R-2643 1057428 23/02/2023 23/02/2023 Libro impreso antiguo